Per un'etica della sessualità e dei sentimenti : informazione-educazione sessuale a scuola /

Guardat en:
Dades bibliogràfiques
Autor principal: Gelli, Bianca (Autor)
Altres autors: Pasini, Willy
Format: Llibre
Idioma:italià
Publicat: Roma : Editori riuniti, 1992
Col·lecció:Paideia ; 15
Matèries:
Etiquetes: Afegir etiqueta
Sense etiquetes, Sigues el primer a etiquetar aquest registre!

MARC

LEADER 00000nam a2200000 i 4500
001 IT\ICCU\MIL\0142809
003 ItRI
005 20260213120457.0
008 930218s1992 it |||||| ||||| |||||c
015 |2 IT  |a 93-8098 
020 |a 8835936322 
040 |b ita  |c ARCIGAY RIMINI 
041 7 |a ita  |2 ISO-639-2 
082 |a 613.90712  |2 20 
100 1 |a Gelli, Bianca  |0 IT\ICCU\VEAV\021907  |4 aut 
245 1 0 |a Per un'etica della sessualità e dei sentimenti :  |b informazione-educazione sessuale a scuola /  |c Bianca R. Gelli ; prefazione di Willy Pasini. 
260 |a Roma :  |b Editori riuniti,  |c 1992 
300 |a XII, 257 p. ;  |c 22 cm. 
650 7 |a Educazione sessuale  |x Scuole medie superiori  |2 scbi 
700 1 |a Pasini, Willy  |0 IT\ICCU\CFIV\023507 
830 0 |a Paideia ;  |v 15  |0 IT\ICCU\LO1\0063668 
942 |2 ddc  |c BK 
952 |0 0  |1 0  |2 ddc  |4 0  |6 613_907000000000000_GEL_ETI  |7 1  |9 3542  |a RN  |b RN  |d 2025-03-02  |l 0  |o 613.907 GEL ETI  |p 10801  |r 2025-03-02 17:36:13  |w 2025-03-02  |x Donazione di Giovanni Rimondini  |y BK  |z Donazione di Giovanni Rimondini 
952 |0 0  |1 0  |4 0  |6 DOC_370_110000000000000_GEL  |7 0  |9 15616  |a BO  |b BO  |d 2026-01-15  |i 14857  |l 0  |o DOC 370.11 GEL  |p BO14857  |r 2026-01-15 23:19:07  |w 2026-01-15  |x [Sebina 5] [1 v.]  |y BK  |z 1 v. 
999 |c 2752  |d 2752